000 00170 a2200097 4500
001 3913
100 _aAgger, L.T
245 _a
260 _a
_b
_c
090 _c3143
_d3143
942 _aNUST-CAE
_cM
_c23814
999 _c238986
_d238986